| 000 | 01158nam a22002657a 4500 | ||
|---|---|---|---|
| 005 | 20150811124629.0 | ||
| 010 | _aENG-113635 | ||
| 020 |
_a9788189643225 _c695.00 |
||
| 035 | _aEN-97167 | ||
| 037 | _bDBAD/PUB | ||
| 082 | _a615.39095456 | ||
| 100 | _aCopeman, Jacob | ||
| 245 |
_aVeins of devotion : _cby Jacob Copeman _bblood donation and religious experience in North India / |
||
| 260 |
_aNew Delhi _bRoutledge _c2012 |
||
| 270 |
_a912 Tolstoy House, 15-17 Tolstoy Marg, Connaught Place _bNew Delhi _e110001 |
||
| 300 |
_axiii,270p. _c23cm(Hb) |
||
| 500 | _aIncludes bibliographical references and index | ||
| 505 | _a Introduction -- Generative generosity -- The reform of the gift -- Devotion and donation -- Blood donation in the zone of religious spectacles -- Utility saints and donor-soldiers -- The nehruvian gift -- Conclusion. | ||
| 650 |
_a Blood _xCollection and preservation _z India _zDelhi. |
||
| 650 |
_a Blood donors _zIndia _zDelhi. |
||
| 650 |
_a Blood _xSocial aspects _z India _zDelhi. |
||
| 650 |
_a Blood _xReligious aspects. |
||
| 650 |
_a Kinship _zIndia _zDelhi. |
||
| 942 |
_2ddc _cEN _mCOP _h615.39095456 |
||
| 999 |
_c95173 _d95173 |
||